ბათუმის შოთა რუსთაველის სახელმწიფო უნივერსიტეტის ბიბლიოთეკა

უცხო სიტყვათა ლექსიკონი / (ბიბ.ჩანაწერი № 40581)

000 -ლიდერი
ფიქსირებული სიგრძის საკონტროლო ველი 01038nam a2200241Ia 4500
001 - საკონტროლო ნომერი
საკონტროლო ველი 7206
003 - საკონტროლო ნომრის იდენტიფიკატორი
საკონტროლო ველი GE_BSU
005 - ბოლო ოპერაციის თარიღი და დრო
საკონტროლო ველი 20231006163451.0
008 - ფიქსირებული სიგრძის მონაცემთა ელემენტები - ზოგადი ინფორმაცია
ფიქსირებული სიგრძის საკონტროლო ველი 181216s2007||||ge |||||||||||||| ||geo||
020 ## - წიგნის საერთაშორისო სტანდარტული ნომერი
International Standard Book Number 9994046950
040 ## - კატალოგიზაციის წყარო
Transcribing agency GE_BSU
041 ## - ენის კოდი
Language code of text/sound track or separate title geo
080 ## - უნივერსალური ათობითი კლასიფიკაციის ინდექსი
Universal Decimal Classification number 81'374.25=353.1 თ-42
100 ## - მთავარი ჩანაწერი - პიროვნების სახელი
Personal name თეზელიშვილი, სოლომონ
9 (RLIN) 12293
245 ## - ცნობა სათაურის შესახებ
Title უცხო სიტყვათა ლექსიკონი /
Statement of responsibility, etc სოლომონ თეზელიშვილი ; [მთ. რედ. გ. აბსნაძე ; რეცენზ. : ნ. კვანტალიანი, თ. ბარაბაძე, მ. ჟვანია].
260 ## - გამოქვეყნების, გავრცელების, და სხვა. ცნობები
Place of publication, distribution, etc თბილისი.
260 ## - გამოქვეყნების, გავრცელების, და სხვა. ცნობები
Name of publisher, distributor, etc მერიდიანი.
260 ## - გამოქვეყნების, გავრცელების, და სხვა. ცნობები
Date of publication, distribution, etc 2007.
300 ## - ფიზიკური აღწერა
Extent 1054 გვ. :
Other physical details ილ. ;
Dimensions 29 სმ.
653 ## - INDEX TERM--UNCONTROLLED
Uncontrolled term უცხო სიტყვათა ლექსიკონი
700 ## - ADDED ENTRY--PERSONAL NAME
Personal name აბსანძე, გურამ
Relator term მთ. რედაქტორი
9 (RLIN) 20028
942 ## - ADDED ENTRY ELEMENTS (KOHA)
Koha item type წიგნი
Source of classification or shelving scheme
ეგზემპლარები
ჩამოწერის სტატუსი დაკარგული ეგზემპლარის სტატუსი კლასიფიკაციის წყარო ან თაროზე გაწყობის სქემა დაზიანების სტატუსი არ გაიცემა მუდმივი მდებარეობა (დაცვის ადგილი) ამჟამინდელი ადგილსამყოფელი თაროზე განთავსების ადგილი შეძენის თარიღი ღირებულება, შესყიდვის ნორმალური ფასი სრული შენახვის შიფრი შტრიხკოდი ბოლო ოპერაციის თარიღი ეგზემპლარის მიმდევრობითი ნომერი (კეტერი?) ფასის ძალაში შესვლის თარიღი ეგზემპლარის სახეობა საჯარო შენიშვნა
          ბათუმის შოთა რუსთაველის სახელმწიფო უნივერსიტეტის მთავარი ბიბლიოთეკა ბათუმის შოთა რუსთაველის სახელმწიფო უნივერსიტეტის მთავარი ბიბლიოთეკა წიგნსაცავი 2018-12-17 45.00 81'374.25=353.1 თ-42 22795 2018-12-17 22795 2018-12-17 წიგნი 45.00 ₾.
          ბათუმის შოთა რუსთაველის სახელმწიფო უნივერსიტეტის მთავარი ბიბლიოთეკა ბათუმის შოთა რუსთაველის სახელმწიფო უნივერსიტეტის მთავარი ბიბლიოთეკა წიგნსაცავი 2018-12-17 55.00 81'374.25=353.1 თ-42 46364 2018-12-17 46364 2018-12-17 წიგნი 55.00 ₾.